04696nam a2200397 a 4500001001200000003000800012006001900020007001500039008004100054010001700095020002900112020002700141040002100168035002100189050002400210082001600234245013300250260005600383300002300439490004000462504005100502505172300553520145802276533015203734650003003886650002903916650003003945650003003975650003404005655002904039700002904068710001704097830004104114856012604155999001704281ebr10575606CaPaEBRm u cr cn|||||||||110824s2012 enka sb 001 0 eng d z 2011035050 z9781405195072 (hardback) z9781444354508 (e-book) aCaPaEBRcCaPaEBR a(OCoLC)78413824314aTH880b.S655 2012eb04a720/.4722300aSolutions to climate change challenges in the built environmenth[electronic resource] /cedited by Colin A. Booth ... [et al.]. aChichester ;aAmes, Iowa :bWiley-Blackwell,c2012. axv, 352 p. :bill.1 aInnovation in the built environment aIncludes bibliographical references and index.8 aMachine generated contents note: List of ContributorsChapter 1 Introductory Insights to Climate Change ChallengesChapter 2 Climate Change: Nature and Emerging TrendsChapter 3 Regional ImplicationsChapter 4 Urbanization and Climate ChangeChapter 5 Global Political Initiatives and OvertonesChapter 6 Green Economics Dialogue and the Built EnvironmentChapter 7 Strategic Environmental Impact AssessmentChapter 8 Methods for Valuing Preferences for Environmental and Natural Resources: An OverviewChapter 9 Ecological value of Urban EnvironmentsChapter 10 The Pedological Value of Urban LandscapesChapter 11 Insights and Perceptions of Sustainable Design and ConstructionChapter 12 Progress in Eco-and Resilient-Construction Materials DevelopmentChapter 13 Energy Efficiency: Alternative Routes to MitigationChapter 14 The Benefits of Green Infrastructure in Towns and CitiesChapter 15 Particulate Induced Soiling on Historic Limestone Buildings: Insights and the Effects of Climate ChangeChapter 16 Sustainable TransportationChapter 17 Linkages of Waste Management Strategies and Climate Change IssuesChapter 18 Climate Change and the Geotechnical Stability of 'Engineered'Landfill SitesChapter 19 Water Resources Issues and Solutions for the Built Environment: too little versus too muchChapter 20 Organisational Culture and Climate Change Driven ConstructionChapter 21 Preparing for Extreme weather events: A Risk Assessment ApproachChapter 22 The Socio-environmental Vulnerability Assessment Approach to Mapping Vulnerability to ClimateChapter 23 Mitigation via RenewablesChapter 24 Complexities and Approaches to Managing the Adaptation of Climate Change by Coastal CommunitiesChapter 25 Lessons for the FutureIndex. a"The multi-disciplinary perspective provided here offers a strategic view on built environment issues and improve understanding of how built environment activities potentially induce global warming and climate change. It also highlights solutions to these challenges. Solutions to Climate change Challenges in the Built Environment helps develop an appreciation of the diverse themes of the climate change debate across the built environment continuum. A wide perspective is provided through contributions from physical, environmental, social, economic and political scientists. This strategic view on built environment issues will be useful to researchers as well as policy experts and construction practitioners wanting a holistic view. This book clarifies complex issues around climate change and follows five main themes: climate change experiences; urban landscape development; urban management issues; measurement of impact; and the future. Chapters are written by eminent specialists from both academic and professional backgrounds. The main context for chapters is the developed world but the discussion is widened to incorporate regional issues. The book will be valuable to researchers and students in all the built environment disciplines, as well as to practitioners involved with the design, construction and maintenance of buildings, and government organisations developing and implementing climate change policy"--cProvided by publisher. aElectronic reproduction.bPalo Alto, Calif. :cebrary,d2013.nAvailable via World Wide Web.nAccess may be limited to ebrary affiliated libraries. 0aSustainable construction. 0aSustainable development. 0aUrban ecology (Sociology) 0aEnvironmental protection. 0aClimatic changesxPrevention. 7aElectronic books.2local1 aBooth, Colinq(Colin A.)2 aebrary, Inc. 0aInnovation in the built environment.40uhttp://site.ebrary.com/lib/rucke/Doc?id=10575606zAn electronic book accessible through the World Wide Web; click to view c78231d78231